000 00684nam a2200289Ia 4500
005 20260324130152.0
008 008 260324s9999 xx 000 0 eng d
020 _a9780429249105
037 _aEBOOK
040 _aCRL
040 _beng
040 _cCRL
041 _2eng
041 _aeng
084 _qCRL
100 _aJeffrey R. Ryan
_91180762
245 0 _aPandemic Influenza
245 0 _bEmergency Planning and Community Preparedness
260 _bTaylor and Francis
260 _c2008
365 _a
365 _b300
856 _uhttp://www.taylorfrancis.com/books/9780429249105
942 _cEBOOK
999 _c1776695
_d1776695